000 00876nam a2200217Ia 4500
003 IN-BaIIA
008 211028s9999 xx s 000 0 eng d
020 _a978-1-108-47160-2 (Print)
022 _a1743-9213 (Print)
022 _a1743-9221 (Online)
040 _cIIA Library
100 _aElmegreen, B., ed.
_940748
245 0 _aOrigins: From the Protosun to the First Steps of Life
_h[eBook]
260 _aCambridge
_bCambridge University Press
_c2020
300 _aOnline resource
490 _aIAU Symposium; no. 345
700 _aGudel, M., ed.
_940749
700 _aToth, L.V., ed.
_940750
856 _uhttps://www.cambridge.org/core/journals/proceedings-of-the-international-astronomical-union/issue/7013963CA7CC41E7E164CAC9E705C94D
_yClick Here to Access eBook
942 _cEB
999 _c22054
_d22054